| 000 | 01637nam a2200205Ia 4500 | ||
|---|---|---|---|
| 003 | Ost | ||
| 005 | 20260507075059.0 | ||
| 008 | 260507s9999||||xx |||||||||||||| ||und|| | ||
| 040 | _cfsecg | ||
| 041 | _aara | ||
| 082 | _a346.0438 | ||
| 100 |
_aالمنشاوي، عبد الحميد _eمؤلف |
||
| 245 | 0 |
_aإجراءات الشهر العقاري والمحررات الواجبة الشهر / _c عبد الحميد المنشاوي |
|
| 260 |
_aالإسكندرية: _bالمكتب العربي الحديث, _c2004 |
||
| 300 |
_a389 صفحة؛ _bإيضاحات ؛ _c24 سم |
||
| 520 | _aالشهر وإجراءاته والمحررات الواجبة الشهر،الشهر وإجراءاته،المحررات واجبة الشهر،التوثيق،مكاتب التوثيق،المحررات الموثقة،التصديق على التوقيعات،أحكام خاصة ببعض المحررات/المحررات المتعلقة بالأحوال الشخصية،إشهادات إشهار الإسلام،التبني والإقرار بالبنوة،الوقف الخيري،الوصية،محاضر إثبات الغيبة والإمتناع عن التوقيع،السفن والمراكب،الكباين والعشش،السيارات،الشركات،القانون 114 لسنة 1946،القانون رقم 68 لسنة 1947،القانون رقم 170 لسنة 1960،القانون رقم 70لسنة 1964،تعليمات مصلحة الشهر العقاري والتوثيق بشأن تنفيذ القانون رقم 6لسنة1991 | ||
| 653 | _aالشهر العقاري | ||
| 653 | _aقانون | ||
| 942 | _cكتاب | ||
| 999 |
_c42768 _d42768 |
||